Every nation to have a European club competition winner - Statistics

General Stats
  • This quiz has been taken 927 times
    217 since last reset
  • The average score is 17 of 20
Answer Stats
Clubs Answer % Correct
5 Germany
99%
10 Italy
99%
7 Spain
99%
11 England
98%
2 France
98%
3 Netherlands
98%
3 Portugal
98%
2 Belgium
96%
2 Russia
95%
3 Scotland
94%
1 Sweden
94%
1 Greece
92%
1 Romania
87%
1 Turkey
84%
1 Ukraine
84%
1 Yugoslavia
76%
2 Soviet Union
68%
1 Czechoslovakia
62%
1 East Germany
53%
6 West Germany
50%
No matching quizzes found
Score Distribution
Percent of People with Each Score
Percentile by Number Answered
Your Score History
You have not taken this quiz since the last reset